| 000 | 00455nam a2200145 i 4500 | ||
|---|---|---|---|
| 001 | 22252 | ||
| 003 | ES-MaACL | ||
| 005 | 20230906152645.0 | ||
| 007 | t| | ||
| 008 | 021202s1863 sp ||||1| spa d | ||
| 245 | 0 | 3 |
_aLa Alhambra _b: relatos de Granada : recuerdos de Andalucía / _ccolección de artículos escogidos... |
| 260 |
_aBarcelona : _b[s.n., _c1863] ( _fNarciso Ramírez) |
||
| 300 |
_aXIII, 484 p. : _bil. ; _c27 cm. |
||
| 852 |
_aES-MaACL _jF-22 |
||
| 999 |
_c22252 _d22252 |
||